00565nam a22001937a 450000500170000001000280001702000260004503500130007103500170008403500130010103700220011403700130013608200110014910000170016024500760017726000310025327000540028430000330033820170519114941.0 aBAC-EN21 ENG-111732 a9789351194118c299.00 aEN-95264 aB-579588-613 aB-664732 adplbStar Pub/Ven bDBAD/PUB a004.16 aGupta, Vikas aComdex computer course:bWindows 7/8 with Office 2010 /cby Vikas Gupta aNew DelhibDreamtechc2014 a19-A, Ansari Road, Daryaganj, bNew Delhie110002 axii,496p. :c24cm(pbk)bill.